Operating system: design & implementation (Record no. 12409)
[ view plain ]
| 000 -LEADER | |
|---|---|
| fixed length control field | 00440 a2200145 4500 |
| 000 - LEADER | |
| fixed length control field | BKB |
| 001 - CONTROL NUMBER | |
| control field | 146211 |
| 005 - DATE AND TIME OF LATEST TRANSACTION | |
| control field | 20200902155445.0 |
| 008 - FIXED-LENGTH DATA ELEMENTS--GENERAL INFORMATION | |
| fixed length control field | |
| 020 ## - INTERNATIONAL STANDARD BOOK NUMBER | |
| International Standard Book Number | 9788120329553 |
| 100 ## - MAIN ENTRY--PERSONAL NAME | |
| Personal name | Tanenbaum, Andrew S. |
| 245 1# - TITLE STATEMENT | |
| Title | Operating system: design & implementation |
| Statement of responsibility, etc | by Andrew S. Tanenbaum |
| 260 ## - PUBLICATION, DISTRIBUTION, ETC. (IMPRINT) | |
| Place of publication, distribution, etc | New delhi |
| Name of publisher, distributor, etc | PHI Learning Private Limited |
| Date of publication, distribution, etc | 2006 |
| 700 ## - ADDED ENTRY--PERSONAL NAME | |
| Personal name | Woodhull, Albert S. |
| Numeration | |
| Titles and other words associated with a name | |
| Withdrawn status | Lost status | Damaged status | Not for loan | Home library | Current library | Date acquired | Cost, normal purchase price | Total Checkouts | Full call number | Barcode | Date last seen | Price effective from | Koha item type |
|---|---|---|---|---|---|---|---|---|---|---|---|---|---|
| Central University Of Rajasthan | Central University Of Rajasthan | 19/05/2014 | 0.00 | AV78 | 02/09/2020 | 02/09/2020 | Books |
